| 000 | 00532nam a2200121Ia 4500 | ||
|---|---|---|---|
| 008 | 170221s9999 xx 000 0 und d | ||
| 100 | _aSchadrie, Robert. | ||
| 245 | 2 | _aA cost-benefit analysis of accounting undergraduate education | |
| 245 | _cRobert Schadrie, St. Norbert College; Matthew Van Lanen, St. Norbert College; Amy Vandenberg, St. Norbert College; Jason Haen, St. Norbert College. | ||
| 260 | _bJournal of Management and Marketing Research | ||
| 650 | _xBusiness | ||
| 856 | _uhttp://www.aabri.com/manuscripts/121113.pdf | ||
| 999 |
_c307367 _d307367 |
||